| 000 | 00672 a2200181 4500 | ||
|---|---|---|---|
| 020 | _a1584880023 | ||
| 020 | _a9781584880028 | ||
| 082 | _a515.35221 | ||
| 090 |
_c1670 _d1670 |
||
| 100 | 1 | _aElaydi, Saber N. | |
| 245 | 1 | 0 |
_aDiscrete chaos / _cSaber N. Elaydi. |
| 250 | _a1st ed. | ||
| 260 |
_a[S.l.] : _bChapman and Hall/CRC, _c2000. |
||
| 300 |
_a376 p. ; _c25 cm. |
||
| 942 |
_aSNS _cBK _k515.35221 ELA |
||
| 999 |
_c30278 _d30278 |
||